000 01300nam a2200301 4500
001 0000022455
003 CO-CtgCURN
005 20250331185141.0
007 ta
008 160627s2006 000 0 eng d
020 _a8180612198
040 _aCO-CtgCURN
_bspa
_ccoctgcurn
082 0 _a610.73
_bH158a
100 1 _aHanumadass, Marella L.
245 1 0 _aArte y ciencia del cuidado de heridas por quemaduras /
_cMarella L. Hanumadass , K Mathangi Ramakrishnan Mary Babu , traducción Ramon L. Zapata S.
260 _aBogotá :
_bActualidades Medico Odontologicas latinoamerica,
_c2006.
300 _aix, 178 p.
336 _2rdacontent
337 _2rdamedia
_asin mediacion
_bn
338 _2rdacarrier
_avolumen
_bnc
500 _aIncluye indice.
505 8 _aAnatomía de la herida por quemadura.--Cuidado clinico.--Manejo de quemaduras especiales.--Quemaduras químicas.--Quemaduras electricas.--Terapia antimicrobiana topica.--Cuidado de las heridas por quemaduras en areas especiales.--Modulacion farmacologica de la herida por quemadura
650 1 4 _aMedicina popular
_vObras anteriores a 1900.
700 1 _aRamakrishnan, K. Mathangi.
908 _a160627
942 _cBK
_h610.73
_iH158a
_2ddc
999 _c21362
_d21362